Volvo Models - Statistics

General Stats
  • This quiz has been taken 181 times
  • The average score is 13 of 75
Answer Stats
Answer % Correct
V70
83%
V60
81%
XC90
81%
XC60
79%
V90
70%
V40
68%
S60
66%
XC70
60%
S90
58%
V50
58%
240
56%
S80
55%
C30
49%
S70
47%
C40
31%
245
26%
P1800
26%
242
22%
244
21%
142
17%
144
17%
145
16%
260
15%
262
14%
440
14%
480
11%
780
11%
ÖV4
11%
PV544
10%
164
9%
PV4
9%
PV444
9%
66
8%
264
7%
343
7%
460
7%
262 C
6%
265
6%
345
6%
740 Estate
4%
740 Sedan
4%
760 Estate
4%
850 Estate
4%
850 Sedan
4%
940 Estate
4%
960 Sedan
4%
960 Sedan
4%
760 Sedan
3%
940 Sedan
3%
960 Estate
3%
C70 Coupe
2%
P120 Amazon
2%
1800 ES
1%
360 Sedan
1%
C70 Cabrio
1%
360 3-D
0%
360 5-D
0%
DTR701-4
0%
P1200
0%
P130 Amazon 2-D
0%
P210 Duett
0%
P220 Amazon Estate
0%
PV36 Carioca
0%
PV445
0%
PV445 Duett
0%
PV51-7
0%
PV60-1
0%
PV651
0%
PV653-9
0%
PV801-10
0%
PV831-4
0%
S40-1
0%
S40-2
0%
Sport P1900
0%
TR671-9
0%
No matching quizzes found
Score Distribution
Percent of People with Each Score
Percentile by Number Answered
Your Score History
You have not taken this quiz